Cities in Minnesota by picture - Statistics

General Stats
  • This quiz has been taken 19 times
  • The average score is 6 of 16
Answer Stats
Picture Answer % Correct
Minneapolis
100%
Saint Paul
94%
Rochester
88%
Duluth
75%
Bloomington
44%
Owatonna
25%
Edina
19%
Richfield
19%
St. Cloud
19%
Bemidji
13%
Faribault
13%
Mankato
13%
Moorhead
13%
Chaska
6%
Shakopee
6%
Woodbury
6%
No matching quizzes found
Score Distribution
Percent of People with Each Score
Percentile by Number Answered
Your Score History
You have not taken this quiz